| Tag |
First Indicator |
Second Indicator |
Subfields |
| LEADER |
00000cam a2200000 a 4500 |
| 001 |
in00002708607 |
| 005 |
20211120162103.0 |
| 006 |
m d f |
| 007 |
cr cn||||||||| |
| 008 |
110720s2008 utuab ob f000 0 eng c |
| 035 |
|
|
|a (OCoLC)ocn741749298
|
| 040 |
|
|
|a GPO
|c GPO
|d MvI
|d UtOrBLW
|
| 042 |
|
|
|a pcc
|
| 043 |
|
|
|a n-us-ut
|
| 049 |
|
|
|a WWW
|
| 074 |
|
|
|a 0629-E-10 (online)
|
| 086 |
0 |
|
|a I 53.59/2:K 13
|
| 088 |
|
|
|a BLM-UT-PL-09-006-1610
|
| 110 |
1 |
|
|a United States.
|b Bureau of Land Management.
|b Kanab Field Office.
|
| 245 |
1 |
0 |
|a Kanab Field Office record of decision and approved resource management plan /
|c prepared by U.S. Department of the Interior, Bureau of Land Management, Kanab Field Office ; cooperating agencies, State of Utah, Kane County, Garfield County, Kaibab Paiute Tribe.
|
| 246 |
1 |
7 |
|a Kanab approved resource management plan
|
| 246 |
1 |
7 |
|a Kanab record of decision
|
| 264 |
|
1 |
|a Kanab, Utah :
|b U.S. Dept. of the Interior, Bureau of Land Management, Kanab Field Office,
|c [2008]
|
| 300 |
|
|
|a 1 online resource :
|b color illustrations, color maps.
|
| 336 |
|
|
|a text
|b txt
|2 rdacontent
|
| 337 |
|
|
|a computer
|b c
|2 rdamedia
|
| 338 |
|
|
|a online resource
|b cr
|2 rdacarrier
|
| 500 |
|
|
|a Title from title screen (viewed on July 19, 2011).
|
| 500 |
|
|
|a "October 2008."
|
| 500 |
|
|
|a "BLM-UT-PL-09-006-1610."
|
| 500 |
|
|
|a "UT-110-2007-022."
|
| 504 |
|
|
|a Includes bibliographical references.
|
| 500 |
|
|
|a Electronic resource.
|
| 610 |
1 |
0 |
|a United States.
|b Bureau of Land Management.
|b Kanab Field Office.
|
| 650 |
|
0 |
|a Public lands
|z Utah
|x Management.
|
| 650 |
|
0 |
|a Wilderness areas
|z Utah
|x Management.
|
| 650 |
|
0 |
|a Natural resources
|z Utah
|x Management.
|
| 710 |
1 |
|
|a Utah.
|
| 710 |
1 |
|
|a Kane County (Utah)
|
| 710 |
1 |
|
|a Garfield County (Utah)
|
| 710 |
2 |
|
|a Kaibab Band of Paiute Indians.
|
| 856 |
4 |
0 |
|u https://purl.fdlp.gov/GPO/gpo10111
|t 0
|
| 999 |
|
|
|a MARS
|
| 999 |
f |
f |
|s 7a45ca14-897a-3fb7-aa69-f06479872a17
|i 72e4ba02-4ce9-3f6a-8758-7e8f2d729f71
|t 0
|
| 952 |
f |
f |
|a Texas A&M University
|b College Station
|c Electronic Resources
|d Available Online
|t 0
|e I 53.59/2:K 13
|h Superintendent of Documents classification
|
| 998 |
f |
f |
|a I 53.59/2:K 13
|t 0
|l Available Online
|